Normal view MARC view

Entry Personal Name

Number of records used in: 2

001 - CONTROL NUMBER

  • control field: 85227

003 - CONTROL NUMBER IDENTIFIER

  • control field: dpl

005 - DATE AND TIME OF LATEST TRANSACTION

  • control field: 20250926120106.0

008 - FIXED-LENGTH DATA ELEMENTS

  • fixed length control field: 250926|| aca||aabn | a|a d

040 ## - CATALOGING SOURCE

  • Original cataloging agency: dpl
  • Transcribing agency: dpl

100 ## - HEADING--PERSONAL NAME

  • Personal name: यादव, ईश्वरी प्रसाद
  • Dates associated with a name:

670 ## - SOURCE DATA FOUND

  • Source citation: Work cat.: (dpl)213424: यादव, ईश्वरी प्रसाद , हिंदी छंद -मंजूषा /, 2024

© Delhi Public Library
Hit Counter
free hit counter